All-India debt and investment survey: financing of the primary agricultural credit societies (Record no. 499062)

000 -LEADER
fixed length control field 00445cam a22001097a 4500
008 - FIXED-LENGTH DATA ELEMENTS--GENERAL INFORMATION
fixed length control field 180718b xxu||||| |||| 00| 0 eng d
082 ## - DEWEY DECIMAL CLASSIFICATION NUMBER
Classification number XA94068x54 A
245 ## - TITLE STATEMENT
Title All-India debt and investment survey: financing of the primary agricultural credit societies
260 ## - PUBLICATION, DISTRIBUTION, ETC.
Place of publication, distribution, etc. Bombay
Name of publisher, distributor, etc. Reserve Bank of India
Date of publication, distribution, etc.
500 ## - GENERAL NOTE
General note Contents: Library has Capital expenditure and capital formation of rural households
700 ## - ADDED ENTRY--PERSONAL NAME
Personal name Maharashtra. Department of Statistics
Holdings
Withdrawn status Lost status Damaged status Not for loan Permanent Location Current Location Date acquired Full call number Barcode Date last seen Price effective from Koha item type
        Indian Institute of Public Administration Indian Institute of Public Administration 2018-08-04 XA94068x54 A G14282 2018-08-04 2018-08-04 G

Powered by Koha